000 00245nam a22000977a 4500
999 _c16230
_d16230
003 OSt
008 200625b ||||| |||| 00| 0 eng d
100 _aT Natarajan
_94632
245 _aMathematics for the engineering course vol-1 Part-1
942 _cBK